000 00518nam a2200169 a 4500
005 20140412111300.0
008 010330s19uu xx 00 eng d
020 _a0-15-331241-6
050 _aBB
_bJa12 1989
245 _aJack and the beanstalk :
_ba fairy tale /
_cillustrated by Shirley Breuel.
260 _aOrlando, Florida :
_bHarcout Jovanovich, Inc,
_c1989.
300 _a8 p. ; ill.
440 _aButterflies: HBJ Reading Program
650 _aStory telling
650 _aChildren stories
999 _c103327
_d103327